Il nostro amore / (Record no. 113054)

MARC details
000 -LEADER
campo de control de longitud fija 00649nam a2200205 4500
001 - NÚMERO DE CONTROL
campo de control 113054
003 - IDENTIFICADOR DE NÚMERO DE CONTROL
campo de control ES-MaACL
005 - FECHA Y HORA DE LA ÚLTIMA TRANSACCIÓN
campo de control 20260307063015.0
007 - CAMPO FIJO DE DESCRIPCIÓN FÍSICA--INFORMACIÓN GENERAL
campo de control de longitud fija t|
008 - DATOS DE LONGITUD FIJA--INFORMACIÓN GENERAL
campo de control de longitud fija 061121s1962 it r ||||1| ita d
100 ## - ENTRADA PRINCIPAL--NOMBRE DE PERSONA
Nombre de persona Musset, Alfred de,
Fechas asociadas al nombre 1810-1857
9 (RLIN) 223345
245 13 - MENCIÓN DEL TÍTULO
Título Il nostro amore /
Mención de responsabilidad, etc. Alfred de Musset, George Sand ; traduzioni di Felice Filippini e Irma Lorzi.
260 ## - PUBLICACIÓN, DISTRIBUCIÓN, ETC.
Lugar de publicación, distribución, etc. Milano :
Nombre del editor, distribuidor, etc. Rizzoli,
Fecha de publicación, distribución, etc. 1962.
300 ## - DESCRIPCIÓN FÍSICA
Extensión 275 p. ;
Dimensiones 23 cm.
700 1# - ENTRADA AGREGADA--NOMBRE PERSONAL
Nombre de persona Sand, George,
Fechas asociadas al nombre 1804-1876
9 (RLIN) 103060
700 1# - ENTRADA AGREGADA--NOMBRE PERSONAL
Nombre de persona Filippini, Felice.
9 (RLIN) 50844
700 1# - ENTRADA AGREGADA--NOMBRE PERSONAL
Nombre de persona Lorzi, Irma.
9 (RLIN) 74241
852 ## - LOCALIZACIÓN
Ubicación ES-MaACL
Número de control de estantería C-24050
Sublocalización o colección R.52750
Holdings
Estatus retirado Estado de pérdida Estado de daño No para préstamo Biblioteca de origen Biblioteca actual Ubicación en estantería Fecha de adquisición Fuente de adquisición Total de préstamos Signatura topográfica completa Código de barras Visto por última vez Precio de reemplazo Tipo de ítem Koha
        Biblioteca del Ateneo de Madrid Biblioteca del Ateneo de Madrid Depósito 2 17/01/2008     C-24050 1117923 23/02/2023 23/02/2023 Libro impreso